000
00312nam a22001337a 4500
008
170731b xxu||||| |||| 00| 0 eng d
020
_a
044852883
041
_a
eng
080
_a
004
100
_a
32
101
_a
SHK
245
_a
A PROGRAMMING METHODOLOGY IN COMPILER CONSTRUCTION
_c
LEWI,J
942
_2
udc
_c
BK
999
_c
22282
_d
22282